La Comunicació a la Diputació de Barcelona : orígens, orientació i estratègia orígens, orientació i estratègia
Descripción Física:
23 pàgines ; 30 cm
Materias:
Barcelona (Catalunya : Província). -- Direcció de Comunicació
; Imatge corporativa -- Barcelona (Província)
; Comunicació en l'administració -- Barcelona (Catalunya : Província)
Idioma:
Catalán
MARC
| LEADER | 00000nam a2200000uc 4500 | ||
|---|---|---|---|
| 001 | 27015432 | ||
| 008 | s2006||||sp ||||gr|||| ||| ||cat|d | ||
| 040 | |a BGR |b cat | ||
| 080 | |a Bib-886 | ||
| 110 | |9 53855 |a Barcelona (Catalunya : Província). |b Direcció de Comunicació | ||
| 245 | 0 | 3 | |a La Comunicació a la Diputació de Barcelona : |b orígens, orientació i estratègia |
| 260 | |a Barcelona : |b Diputació de Barcelona. Xarxa de municipis, |c abril 2006 | ||
| 300 | |a 23 pàgines ; |c 30 cm | ||
| 610 | 0 | |a Barcelona (Catalunya : Província). |b Direcció de Comunicació |9 53855 | |
| 650 | 0 | |9 53961 |a Imatge corporativa |z Barcelona (Província) | |
| 650 | 0 | |a Comunicació en l'administració |z Barcelona (Catalunya : Província) |9 54130 | |
| 710 | 1 | |a Barcelona (Catalunya : Província). |b Diputació |9 52408 | |
| 942 | |c ARXIU |2 udc |n 1 | ||
| 952 | |0 0 |1 0 |4 0 |6 FU7256 |7 1 |9 63355 |a Arxiu |b Arxiu |d 2022-08-09 |o FU-72-56 |p 26415 |r 2022-08-09 00:00:00 |w 2022-08-09 |y ARXIU |z Donatiu BGR | ||
| 999 | |c 24011 |d 24011 | ||